Richard Rorty : Education, Philosophy, and Politics /

Nacido en 1931 y muerto en 2007, Richard Rorty se formó en las universidades de Chicago y de Yale y, aunque se adhirió inicialmente a la filosofía analítica, pronto se volvió un crítico severo de ella y en general de toda la filosofía esencialista centrada en las grandes preguntas. Conocido militant...

Descripción completa

Guardado en:
Detalles Bibliográficos
Autor principal: Peters, Michael A. (ed.)
Otros autores: Ghiraldelli, Paulo, hijo (edición) (edición)
Formato: Libro
Idioma:Inglés
Publicado: Lanham, EUA : Rowman and Littlefield, 2001, c2001
Colección:(Philosophy-Education)
Temas:
Etiquetas: Agrega una etiqueta
Sin etiquetas, Sé el primero en etiquetar este registro!

MARC

LEADER 00000nam^a2200000^a^4500
001 000178832
005 20250521000000.0
009 20260310101802.983
020 |a 0-7425-0906-0 
037 |a Acervo ITESO - Biblioteca 
041 |a ING 
082 |a 144. 3  |b ROR EST PET 
100 |a Peters, Michael A.  |e (ed.) 
245 1 0 |a Richard Rorty :  |b Education, Philosophy, and Politics /  |c Ed. de M.A. Peters, P. Ghiraldelli, hijo. 
264 4 |a Lanham, EUA :  |b Rowman and Littlefield,  |c 2001, c2001 
300 |a VI, 210 p. 
336 |a texto  |b txt  |2 rdacontenido 
337 |a sin mediación  |b n  |2 rdamedio 
338 |a volumen  |b nc  |2 rdasoporte 
440 1 |a (Philosophy-Education) 
520 |a Nacido en 1931 y muerto en 2007, Richard Rorty se formó en las universidades de Chicago y de Yale y, aunque se adhirió inicialmente a la filosofía analítica, pronto se volvió un crítico severo de ella y en general de toda la filosofía esencialista centrada en las grandes preguntas. Conocido militante del pragmatismo iniciado por John Dewey, Rorty cuestionó siempre las verdades absolutas y los significados inamovibles y, en contraposición, sostuvo que las ideas deben ser valoradas por su utilidad para facilitar una mejor convivencia social y para que los hombres sean más felices. Nacido en una familia de izquierda, nunca renunció a determinadas reivindicaciones sociales, aunque cierta crítica lo acusa de haberse sometido en demasía a la sociedad del bienestar. 
649 |a XX 
650 |a Filósofos Norteamericanos 
650 |a Epistemología 
650 |a Metafísica 
650 |a Liberalismo 
650 |a Marxismo 
650 |a Cultura 
650 |a Modernidad y Posmodernidad -  |x Historia y Crítica 
650 |a Pragmatismo -  |x Historia y Crítica -  |x Tema Principal 
650 |a Filosofía de la Educación -  |x Historia y Crítica 
650 |a Filosofía Política -  |x Historia y Crítica 
650 |a Filosofía del Siglo XX -  |x Historia y Crítica 
650 |a Filosofía Norteamericana -  |x Historia y Crítica 
650 |a Rorty, Richard -  |x Tema Principal 
700 |a Ghiraldelli, Paulo,  |c hijo  |e (edición) 
910 |a Fondo General 
920 |a Impresos - Libros 
930 |a Colección General 
905 |a 101 
901 |a 0500117737  |b IT1  |c ACC  |u 20250521 
902 |a https://opac.biblio.iteso.mx/vufind/Record/000178832